Statistiques concernant Départements n'ayant pas d'autoroutes

Cliquez ici pour prendre le quiz!

Statistiques générales

  • Ce quiz a été pris 54 fois
    (6 depuis la dernière actualisation)
  • Le résultat moyen est 8 sur 15

Statistiques - réponses

Départements% Correct
Corse-du-Sud
83%
Côtes-d'Armor
83%
Finistère
83%
Haute-Corse
83%
Morbihan
83%
Guadeloupe
67%
La Réunion
67%
Guyane
50%
Mayotte
50%
Ardèche
33%
Ardennes
33%
Creuse
33%
Gers
33%
Charente
17%
Haute-Saône
0%

Distribution des résultats

Percentile par nombre de réponses

% des personnes avec chaque résultat

Votre développement - résultats

Vous n’avez pas pris ce quiz depuis la dernière actualisation